书目信息 |
| 题名: |
不丹
|
|
| 作者: | 朱在明 编著 | |
| 分册: | ||
| 出版信息: | 北京 社会科学文献出版社 2004 |
|
| 页数: | 12,329页 | |
| 开本: | 21cm | |
| 丛书名: | 列国志 | |
| 单 册: | ||
| 中图分类: | K357 | |
| 科图分类: | ||
| 主题词: | 南亚--历史 | |
| 电子资源: | ||
| ISBN: | 7-80190-389-7 | |
| 000 | 01199nam0 2200361 450 | |
| 000 | 01162nam0 2200349 450 | |
| 000 | 01139nam0 2200349 450 | |
| 000 | 01085nam0 2200325 450 | |
| 000 | 01103nam0 2200313 450 | |
| 000 | 01066nam0 2200301 45 | |
| 001 | TS2006011238 | |
| 005 | 20070108163713.03 | |
| 010 | @a7-80190-389-7@dCNY25.00 | |
| 100 | @a20060829d2004 em y0chiy0120 ea | |
| 101 | 0 | @achi |
| 102 | @aCN@b110000 | |
| 105 | @aa z 000yy | |
| 200 | 1 | @a不丹@ABu Dan@f朱在明等编著@FZhu Zai Ming Deng Bian Zhu |
| 210 | @a北京@c社会科学文献出版社@d2004 | |
| 215 | @a12,329页@c彩图@d21cm | |
| 225 | 2 | @a列国志 |
| 300 | @a中国社会科学院重大课题 国家“十五”重点出版项目 | |
| 330 | @a本书对于不丹王国的的国土与人民、历史、政治、军事,教育、科技、文体、卫生与新闻出版,及其外交机构、外交状况进行介绍。 | |
| 410 | 0 | @12001 @a列国志 |
| 510 | 1 | @aBhutan@zeng |
| 606 | 0 | @a南亚@x历史 |
| 607 | @a不丹@x概况 | |
| 690 | @aK357@v4 | |
| 701 | 0 | @a朱在明@AZhu Zai Ming@f(1952.1~)@4编著 |
| 801 | 0 | @aCN@b中图数据@c20070108 |
| 905 | @a10447@dK357@e8 | |
| 不丹/朱在明等编著.-北京:社会科学文献出版社,2004 |
| 12,329页:彩图;21cm.-(列国志) |
| 中国社会科学院重大课题 国家“十五”重点出版项目 |
| ISBN 7-80190-389-7:CNY25.00 |
| 本书对于不丹王国的的国土与人民、历史、政治、军事,教育、科技、文体、卫生与新闻出版,及其外交机构、外交状况进行介绍。 |
| ● |
| 相关链接 |
|
|
|
|
正题名:不丹
索取号:K357/8
 
预约/预借
| 序号 | 登录号 | 条形码 | 馆藏地/架位号 | 状态 | 备注 |
| 1 | 0612669 | 206126690 | 第二样本阅览室/ [索取号:K357/8] | 在馆 | |
| 2 | 0612670 | 206126707 | 第二借阅区/ [索取号:K357/8] | 在馆 | |
| 3 | 0612671 | 206126716 | 第二借阅区/ [索取号:K357/8] | 在馆 | |
| 4 | 0612672 | 206126725 | 第二借阅区/ [索取号:K357/8] | 在馆 | |
| 5 | 0612673 | 206126734 | 第二借阅区/ [索取号:K357/8] | 在馆 |